8 mots dans mots : blé (mort subite) - Statistiques

Statistiques générales
  • Ce quiz a été pris 16 fois
  • Le résultat moyen est 7 sur 8
Answers on the Grid
Answers color-coded by a green-red scale on the quiz's grid according to % correct below.
intermina---ment
abai---ment
atterri---ment
irréprocha---ment
inexprima---ment
cérémonie---ment
incommensura---ment
commerci---ment
incorrigi---ment
démonstrat---ment
inintelligi---ment
désencha---ment
indestructi---ment
embourgeo---ment
hiérarchi---ment
invraisembla---ment
 
Statistiques - réponses
Réponse % Correct
intermina---ment
100%
invraisembla---ment
93%
irréprocha---ment
93%
incommensura---ment
86%
indestructi---ment
86%
inexprima---ment
86%
inintelligi---ment
86%
incorrigi---ment
79%
Aucun quiz correspondant
Distribution des résultats
% des personnes avec chaque résultat
Percentile par nombre de réponses
Votre historique - résultats
Vous n’avez pas pris ce quiz